Mixed tenure estates (Record no. 80187)

MARC details
000 -LEADER
fixed length control field 01005cab a22001935a 4500
001 - CONTROL NUMBER
control field L143456
008 - FIXED-LENGTH DATA ELEMENTS--GENERAL INFORMATION
fixed length control field 080512s2008 xxk f 000 0 eng d
035 ## - SYSTEM CONTROL NUMBER
System control number (Sirsi) u143456
041 0# - LANGUAGE CODE
Language code of text/sound track or separate title eng
100 1# - MAIN ENTRY--PERSONAL NAME
Personal name Kempton, Jim
245 00 - TITLE STATEMENT
Title Mixed tenure estates
Remainder of title implications for asset management in the registered social landlord sector
260 ## - PUBLICATION, DISTRIBUTION, ETC.
Date of publication, distribution, etc. 2008
490 ## - SERIES STATEMENT
Series statement Structural Survey
Volume/sequential designation 26(1) 2008, 7-16(10)
520 ## - SUMMARY, ETC.
Summary, etc. Seeks to provide a definition of mixed tenure housing estates. These comprise estates made up of private tenants, shared owners and owner occupiers. Attempts to discover whether asset management has different needs in mixed tenure estates. Contains a review of relevant literature and interviews with staff of the Registered Social Landlord (RSL) which is examined as a case study. Argues that inter-working at this RSL needs to be improved.
590 ## - LOCAL NOTE (RLIN)
Local note KA
651 #4 - SUBJECT ADDED ENTRY--GEOGRAPHIC NAME
Geographic name United Kingdom
Chronological subdivision
690 ## - LOCAL SUBJECT ADDED ENTRY--TOPICAL TERM (OCLC, RLIN)
Topical term or geographic name as entry element PROPERTY-RESIDENTIAL PROPERTY-RESIDENTIAL PROPERTY MANAGEMENT
942 ## - ADDED ENTRY ELEMENTS (KOHA)
Suppress in OPAC 0
Holdings
Withdrawn status Lost status Source of classification or shelving scheme Damaged status Not for loan Home library Current library Shelving location Date acquired Total Checkouts Full call number Barcode Date last seen Copy number Price effective from Koha item type
    Dewey Decimal Classification     London London Journal article 12/05/2008   L143456 143456-1001 06/08/2019 1 06/08/2019 Book